000 00717nam a2200217 i 4500
001 141437
003 ES-MaACL
005 20230906200308.0
007 t|
008 070924s1964 sp ||||1| spa d
100 1 _aVillatte des Prûgnes, Robert.
_9115167
245 1 3 _aLa caza en el llano /
_cRobert Villatte des Prûgnes ; ilustrado con dibujos de R. Reboussier ; [traducido por M. Bartolomé López].
260 _aBarcelona :
_bEd. Hispano-Europea,
_c[1964]
300 _a264 p. :
_bil. ;
_c21 cm.
490 1 _aHerakles
700 1 _aReboussier, R.
_995727
700 1 _aBartolomé López, Manuel.
_926171
830 0 _aHerakles
_9180867
852 _aES-MaACL
_jC-26628
_bR.55596
999 _c141437
_d141437